=LDR 00000nam 2200000 4500 =001 INLIS000000000038919 =005 20200217052720 =035 ##$$a 0010-061300000038919 =008 200217################g##########0#ind## =041 ##$$a ind =082 ##$$a 155.413 =090 ##$$a 372, Ped s =100 ##$$a Pedak, Mustamir =245 1#$$a Saatnya bersekolah : $b Petunjuk lengkap mempersiapkan anak agar siap masuk sekolah dan bisa menjadi murid yang sukses dan berprestasi /$c Mustamir pedak, Handoko sudrajad; Editor, Zainur arifin el-basyier =260 ##$$a Yogyakarta :$b Bukubiru,$c 2009 =300 ##$$a 201 hlm. : $b ilus. ; $c 14 x 20 cm =650 #4$$a Pendidikan Dasar =700 #$$a SUDDRAJAD, Handoko =850 ##$$a NBPNMAT =020 ##$$a 978-602-95-5396-3 =084 ##$$a 155.413 PED s =250 ##$$a Cet. 1 =990 ##$$a 21106857 =990 ##$$a 21106856 =990 ##$$a 21106855 =990 ##$$a 0001/BPAP-NTB/20142015 =990 ##$$a 0001/BPAP-NTB/20142015 =990 ##$$a 2090100559/BPAP-NTB/2015 =990 ##$$a 0001/BPAP-NTB/2015